000 00411 a2200157 4500
001 155251
040 _cEscola São Tomás de Aquino
100 _aLÓPEZ, Feli Sanjuán
240 1 0 _aDesconcierto en el hospital
_lpor
245 1 0 _aDesconcierto en el hospital
300 _a63
362 0 _a2003
440 1 _aÁtica
697 _aSistemas de escrita, fonologia, fonética da norma espanhola
942 _cBK
999 _c155251
_d155251